Detalles MARC
| 000 -CABECERA |
| campo de control de longitud fija |
01517nam a2200313 a 4500 |
| 001 - NÚMERO DE CONTROL |
| campo de control |
000043993 |
| 003 - IDENTIFICADOR DEL NÚMERO DE CONTROL |
| campo de control |
OSt |
| 005 - FECHA Y HORA DE LA ÚLTIMA TRANSACCIÓN |
| campo de control |
20210224080034.0 |
| 007 - CAMPO FIJO DE DESCRIPCIÓN FÍSICA--INFORMACIÓN GENERAL |
| campo de control de longitud fija |
ta |
| 008 - DATOS DE LONGITUD FIJA--INFORMACIÓN GENERAL |
| campo de control de longitud fija |
140512s2014 dr a 000 0 spa d |
| 020 ## - NÚMERO INTERNACIONAL ESTÁNDAR DEL LIBRO |
| Número Internacional Estándar del Libro |
9789945583519 |
| 040 ## - FUENTE DE LA CATALOGACIÓN |
| Centro catalogador/agencia de origen |
DO-SdBNP |
| Lengua de catalogación |
spa |
| Centro/agencia transcriptor |
BNPHU |
| 041 ## - CÓDIGO DE LENGUA |
| Código de lengua original |
spa |
| 082 ## - NÚMERO DE LA CLASIFICACIÓN DECIMAL DEWEY |
| Número de clasificación |
A353r |
| 100 1# - ENTRADA PRINCIPAL--NOMBRE DE PERSONA |
| Nombre de persona |
Alcántara, Polanco , Guarionex |
| 9 (RLIN) |
71952 |
| Fechas asociadas al nombre |
1979- |
| 245 10 - MENCIÓN DE TÍTULO |
| Título |
República Dominicana la tierra de Dios : |
| Resto del título |
revelando el secreto con las evidencias históricas / |
| Mención de responsabilidad, etc. |
Guarionex Alcántara ; Paula Díaz , prólogo |
| 260 ## - PUBLICACIÓN, DISTRIBUCIÓN, ETC. |
| Lugar de publicación, distribución, etc. |
Santo Domingo, : |
| Nombre del editor, distribuidor, etc. |
Ministerio Gloria Postrera , |
| -- |
Santuario , |
| Fecha de publicación, distribución, etc. |
2014. |
| 300 ## - DESCRIPCIÓN FÍSICA |
| Extensión |
167 p. : |
| Otras características físicas |
ils. ; |
| Dimensiones |
23 cm. |
| 504 ## - NOTA DE BIBLIOGRAFÍA, ETC. |
| Nota de bibliografía, etc. |
Incluye referencias bibliográficas y notas al pie de las páginas |
| 504 ## - NOTA DE BIBLIOGRAFÍA, ETC. |
| Nota de bibliografía, etc. |
Bibliografías : p.157-162 |
| 505 0# - NOTA DE CONTENIDO CON FORMATO |
| Nota de contenido con formato |
Agradecimento. |
| 505 0# - NOTA DE CONTENIDO CON FORMATO |
| Nota de contenido con formato |
Prólogo. |
| 505 0# - NOTA DE CONTENIDO CON FORMATO |
| Nota de contenido con formato |
Introducción. |
| Título |
Capítulo I : |
| Identificador Uniforme del Recurso |
<a href="Dios " el autor de nuestra independencia.">Dios " el autor de nuestra independencia.</a> |
| Título |
Capítulo II : |
| Identificador Uniforme del Recurso |
<a href="El misterio de la Isla de Santo Domingo.">El misterio de la Isla de Santo Domingo.</a> |
| Título |
Capítulo III : |
| Identificador Uniforme del Recurso |
<a href="El misterio profético de un hombre llamado : Juan Pablo Duarte.">El misterio profético de un hombre llamado : Juan Pablo Duarte.</a> |
| Título |
Capítulo IV : |
| Identificador Uniforme del Recurso |
<a href="Las verdades eternas del Padre en Juan Pablo (ideario incomprendido).">Las verdades eternas del Padre en Juan Pablo (ideario incomprendido).</a> |
| Título |
Capítulo V : |
| Identificador Uniforme del Recurso |
<a href="El misterio profético de la Trinitaria, el escudo y el himno Nacional Dominicanos.">El misterio profético de la Trinitaria, el escudo y el himno Nacional Dominicanos.</a> |
| Título |
Capítulo VI : |
| Identificador Uniforme del Recurso |
<a href=" El misterio del nombre."> El misterio del nombre.</a> |
| Título |
Capítulo VII : |
| Identificador Uniforme del Recurso |
<a href="El misterio profético de la etnia.">El misterio profético de la etnia.</a> |
| 505 0# - NOTA DE CONTENIDO CON FORMATO |
| Nota de contenido con formato |
Conclusiones. |
| 505 0# - NOTA DE CONTENIDO CON FORMATO |
| Nota de contenido con formato |
Referencias biográficas. |
| 505 0# - NOTA DE CONTENIDO CON FORMATO |
| Nota de contenido con formato |
Notas. |
| 700 1# - PUNTO DE ACCESO ADICIONAL--NOMBRE DE PERSONA |
| Nombre de persona |
Díaz, Paula, |
| Término indicativo de función/relación |
pról. |
| 9 (RLIN) |
71953 |
| 942 ## - ELEMENTOS DE PUNTO DE ACCESO ADICIONAL (KOHA) |
| Fuente del sistema de clasificación o colocación |
Dewey Decimal Classification |
| Tipo de ítem Koha |
Libro |